000 00636nam a2200229Ia 4500
003 OSt
005 20220926014019.0
006 a|||||r|||| 00| 0
007 ta
008 220923b |||||||| |||| 00| 0 eng d
037 _cGeneral Book
040 _aRTL
_cRTL
_beng
041 _2eng
_aeng
082 _aX:74, F6;G2
100 _aRobertson D H
_9126990
245 0 _aBanking policy and the price level
_b An essay in th
260 _aNew York
_bKelley USA
_c1932
300 _axvii,103p.
_ccm.
650 _aBusiness Cycle
942 _hX:74, F6;G2
_cGB
_2CC
999 _c627487
_d627487